000 00276nam a22001337a 4500
003 SGT
082 _a617.43
_bE17N
100 _aNAG, ADRITA
245 _aEVALUATION OF TEMPOROMANADIBULAR
260 _aSGTU
_c2017
300 _a145
650 _aOMR DENTAL
942 _2ddc
_cTH
999 _c20623
_d20623